Central Library OPAC University of Rajshahi

Frogs in a well : (Record no. 37137)

MARC details
000 -LEADER
fixed length control field 00827nam a2200289 i 4500
001 - CONTROL NUMBER
control field 37137
003 - CONTROL NUMBER IDENTIFIER
rucl marc code BD-RjUL
005 - DATE AND TIME OF LATEST TRANSACTION
control field 20211209052600.0
008 - FIXED-LENGTH DATA ELEMENTS--GENERAL INFORMATION
fixed length control field 141019s1979 enka b 001 0 eng
020 ## - INTERNATIONAL STANDARD BOOK NUMBER
International Standard Book Number 0905762207 :
International Standard Book Number 0905762320 (pbk.)
035 ## - SYSTEM CONTROL NUMBER
System control number (BD-RjUL)
040 ## - CATALOGING SOURCE
Original cataloging agency DLC
Transcribing agency DLC
Modifying agency DLC
Language of cataloging eng
041 ## - LANGUAGE CODE
Language code of text/sound track or separate title eng
082 00 - DEWEY DECIMAL CLASSIFICATION NUMBER
Classification number 301.412095456
Author mark and year JEF 1979
100 1# - MAIN ENTRY--PERSONAL NAME
Personal name Jeffery, Patricia,
Dates associated with a name 1947-
9 (RLIN) 113567
245 10 - TITLE STATEMENT
Title Frogs in a well :
Remainder of title Indian women in Purdah /
Statement of responsibility, etc. Patricia Jeffery.
260 ## - PUBLICATION, DISTRIBUTION, ETC. (IMPRINT)
Place of publication, distribution, etc. London :
Name of publisher, distributor, etc. Zed Press,
Date of publication, distribution, etc. 1979.
300 ## - PHYSICAL DESCRIPTION
Pagination viii, 187 p. :
Illustrations ill. ;
Size 23 cm.
500 ## - GENERAL NOTE
General note Includes index.
504 ## - BIBLIOGRAPHY, ETC. NOTE
Bibliography, etc Bibliography: p. 180-184.
650 #0 - SUBJECT ADDED ENTRY--TOPICAL TERM
Topical term or geographic name as entry element Muslim women.
9 (RLIN) 61120
Topical term or geographic name as entry element Women
Geographic subdivision India
General subdivision Social conditions.
9 (RLIN) 113568
942 ## - ADDED ENTRY ELEMENTS (KOHA)
Source of classification or shelving scheme Dewey Decimal Classification
Koha item type Books
Holdings
Lost status Source of classification or shelving scheme Damaged status Not for loan Permanent Location Current Location Shelving location Date acquired Source of acquisition Total Checkouts Full call number Date last seen Copy number Koha item type
  Dewey Decimal Classification   Not For Loan Institute of Biological Sciences (IBSc) Library Institute of Biological Sciences (IBSc) Library   19/10/2014 British Council   301.412095456 JEF 1979 19/10/2014 C-1 Books